[Event "Unterfranken-ch HB 53th"]
[Site "Wuerzburg"]
[Date "2002.??.??"]
[Round "8"]
[White "Kuhn, Marco"]
[Black "Biskopp, Wolf Ulrich"]
[Result "1/2-1/2"]
[WhiteElo "1146"]
[BlackElo "1564"]
[PlyCount "100"]
[EventDate "2002.04.01"]
[EventType "swiss"]
[EventRounds "9"]
[EventCountry "GER"]
[SourceTitle "EXT 2015"]
[Source "ChessBase"]
[SourceDate "2014.11.20"]
[SourceVersion "1"]
[SourceVersionDate "2014.11.20"]
[SourceQuality "1"]

1. e4 c5 2. Nf3 d6 3. d4 cxd4 4. Nxd4 Nf6 5. Nc3 a6 6. Be3 Bd7 7. g3 b5 8. a3 Bg4 9. Be2 Bh3 10. Qd2 e5 11. Nf3 Ng4 12. 0-0-0 Nxe3 13. Qxe3 Be7 14. Kb1 0-0 15. Nxe5 Nd7 16. Nc6 Qe8 17. g4 Nf6 18. Nxe7+ Qxe7 19. f3 h5 20. Nd5 Qe5 21. Nxf6+ Qxf6 22. Rhg1 Qh4 23. Rxd6 Rad8 24. Rxd8 Rxd8 25. Qc3 Qf2 26. Qe1 Qe3 27. Bd3 Qxe1+ 28. Rxe1 hxg4 29. fxg4 Bxg4 30. Rg1 Be6 31. h4 f6 32. Kc1 Kf7 33. Kd2 Rh8 34. Rh1 Bg4 35. Ke3 Ke6 36. Kf4 Bh5 37. b3 Be8 38. c4 g5+ 39. Kg4 Ke5 40. cxb5 axb5 41. Bc2 Bd7+ 42. Kg3 Bc6 43. a4 f5 44. axb5 Bb7 45. Rh2 gxh4+ 46. Rxh4 Rxh4 47. Kxh4 fxe4 48. Bxe4 Bxe4 49. Kg3 Bd5 50. b6 Ke4 1/2-1/2

[Event "Unterfranken-ch HB 53th"]
[Site "Wuerzburg"]
[Date "2002.??.??"]
[Round "4"]
[White "Kuhn, Marco"]
[Black "Engelbrecht, Klaus"]
[Result "0-1"]
[WhiteElo "1146"]
[BlackElo "1290"]
[PlyCount "106"]
[EventDate "2002.04.01"]
[EventType "swiss"]
[EventRounds "9"]
[EventCountry "GER"]
[SourceTitle "EXT 2015"]
[Source "ChessBase"]
[SourceDate "2014.11.20"]
[SourceVersion "1"]
[SourceVersionDate "2014.11.20"]
[SourceQuality "1"]

1. c4 e5 2. Nc3 Nf6 3. g3 Bc5 4. Bg2 0-0 5. d3 Ng4 6. e3 c6 7. Qxg4 d5 8. Qe2 Re8 9. cxd5 cxd5 10. Nxd5 Qa5+ 11. Qd2 Qd8 12. Ne2 Be6 13. Nec3 Nc6 14. a3 Nd4 15. Qd1 Nc6 16. 0-0 a6 17. e4 b5 18. b4 Bd4 19. Bd2 Rc8 20. Re1 g6 21. Rc1 Kg7 22. Kh1 h5 23. f3 Ba7 24. Be3 Nd4 25. Ne2 Rxc1 26. Nxc1 f5 27. Nb3 h4 28. gxh4 Qxh4 29. Bxd4 Bxd4 30. Nxd4 exd4 31. Nc7 Rh8 32. Nxe6+ Kf6 33. h3 Kxe6 34. Qb3+ Ke7 35. Qd5 Qxe1+ 36. Kh2 Rh5 37. Qe5+ Kf7 38. Qd5+ Ke7 39. Qe5+ Kf7 40. Qxd4 Qh4 41. Qa7+ Ke8 42. Qb8+ Qd8 43. Qb7 Qd6+ 44. Kh1 f4 45. Qc8+ Ke7 46. d4 Qxd4 47. Qxa6 Kf7 48. Qb7+ Kf6 49. Qc6+ Kg5 50. Qxb5+ Kh4 51. Qb8 Kg3 52. Bf1 Qf2 53. Qc8 Qh2# 0-1

[Event "Unterfranken-ch HB 53th"]
[Site "Wuerzburg"]
[Date "2002.??.??"]
[Round "7"]
[White "Kuhn, Marco"]
[Black "Konrad, Fabian"]
[Result "1/2-1/2"]
[WhiteElo "1146"]
[BlackElo "1401"]
[PlyCount "38"]
[EventDate "2002.04.01"]
[EventType "swiss"]
[EventRounds "9"]
[EventCountry "GER"]
[SourceTitle "EXT 2015"]
[Source "ChessBase"]
[SourceDate "2014.11.20"]
[SourceVersion "1"]
[SourceVersionDate "2014.11.20"]
[SourceQuality "1"]

1. e4 c5 2. Nf3 Nc6 3. Bc4 d6 4. d3 g6 5. Nc3 Bg7 6. Bg5 Nf6 7. h3 0-0 8. 0-0 a6 9. a3 b5 10. Ba2 Bd7 11. Rb1 Re8 12. Nd5 Be6 13. Nxf6+ exf6 14. Bxe6 fxe6 15. Be3 Qc7 16. b3 a5 17. c4 b4 18. a4 Rad8 19. Re1 Ne7 1/2-1/2